[Event "Guarapari IRT 2nd"]
[Site "Guarapari"]
[Date "2016.03.19"]
[Round "2.2"]
[White "Rocha Jorge, Wilson M"]
[Black "Verdibello, Mario Arnaldo Batis"]
[Result "1-0"]
[WhiteElo "2174"]
[BlackElo "2135"]
[PlyCount "53"]
[EventDate "2016.03.18"]
[EventType "swiss"]
[EventRounds "5"]
[EventCountry "BRA"]
[SourceTitle "EXT 2022"]
[Source "ChessBase"]
[SourceDate "2021.10.06"]
[SourceVersion "1"]
[SourceVersionDate "2021.10.06"]
[SourceQuality "1"]

1. e4 c6 2. d4 d5 3. Nd2 dxe4 4. Nxe4 Nf6 5. Nxf6+ gxf6 6. Bc4 Bf5 7. Ne2 e6 8. Ng3 Bg6 9. 0-0 Nd7 10. Re1 Nb6 11. Bb3 Bd6 12. Bh6 Rg8 13. Qf3 Qe7 14. c4 Bb4 15. Re2 0-0-0 16. a3 Ba5 17. d5 c5 18. h4 Qd7 19. Rd1 exd5 20. h5 Be4 21. Qxf6 Rxg3 22. fxg3 Qg4 23. Kf2 Nxc4 24. Bxc4 Bc7 25. Bf4 dxc4 26. Rxd8+ Bxd8 27. Qe5 1-0

[Event "Espirito Santo-ch"]
[Site "Vitoria"]
[Date "2014.10.12"]
[Round "6"]
[White "Peixoto, Helio Ricardo Souti"]
[Black "Verdibello, Mario Arnaldo Batis"]
[Result "1-0"]
[WhiteElo "1898"]
[BlackElo "2133"]
[PlyCount "57"]
[EventDate "2014.10.09"]
[EventType "swiss"]
[EventRounds "6"]
[EventCountry "BRA"]
[SourceTitle "EXT 2022"]
[Source "ChessBase"]
[SourceDate "2021.10.06"]
[SourceVersion "1"]
[SourceVersionDate "2021.10.06"]
[SourceQuality "1"]

1. e4 c6 2. Qe2 d5 3. d3 d4 4. f4 c5 5. Nf3 Nc6 6. g3 Bg4 7. Bg2 e5 8. 0-0 Bd6 9. h3 Bxf3 10. Qxf3 Nge7 11. f5 f6 12. Qh5+ Kd7 13. Qf7 Qg8 14. Qxg8 Rhxg8 15. Na3 Rab8 16. Bd2 b5 17. g4 c4 18. dxc4 Bxa3 19. cxb5 Rxb5 20. bxa3 Rb2 21. Rfc1 d3 22. Bc3 Rxc2 23. Bf1 g6 24. fxg6 Nxg6 25. Bxd3 Rxc1+ 26. Rxc1 Nf4 27. Bb5 Kd6 28. Kh2 Nd4 29. Bb4+ 1-0

[Event "Serra IRT 4th"]
[Site "Serra"]
[Date "2014.08.29"]
[Round "16"]
[White "Verdibello, Mario Arnaldo Batis"]
[Black "Bonfim, Hudson Soares Do"]
[Result "0-1"]
[WhiteElo "2094"]
[BlackElo "1937"]
[PlyCount "76"]
[EventDate "2014.08.23"]
[EventType "tourn"]
[EventRounds "18"]
[EventCountry "BRA"]
[SourceTitle "EXT 2018"]
[Source "ChessBase"]
[SourceDate "2017.10.13"]
[SourceVersion "1"]
[SourceVersionDate "2017.10.13"]
[SourceQuality "1"]

1. c4 d6 2. Nc3 Nf6 3. g3 g6 4. Bg2 Bg7 5. e3 c5 6. Nge2 Nc6 7. 0-0 Nb4 8. d4 cxd4 9. Nxd4 0-0 10. a3 Na6 11. b4 Nc7 12. Bb2 Rb8 13. Rc1 Ne6 14. Nce2 Ng5 15. h4 Nh3+ 16. Kh1 Qd7 17. Nb5 Nxf2+ 18. Rxf2 Ng4 19. Rf3 Bxb2 20. Rc2 Be5 21. Nxa7 Qa4 22. Nxc8 Rbxc8 23. Qc1 Ra8 24. e4 h5 25. c5 Rfc8 26. Nc3 Bxc3 27. Rcxc3 dxc5 28. Bh3 Qd7 29. Kg2 b6 30. Qf4 cxb4 31. Bxg4 hxg4 32. Rxc8+ Rxc8 33. Rf2 Qe6 34. axb4 Rc4 35. h5 Qxe4+ 36. Qxe4 Rxe4 37. hxg6 fxg6 38. Rf4 Rxf4 0-1

[Event "Votoria Cup 2nd"]
[Site "Vitoria"]
[Date "2014.03.23"]
[Round "6"]
[White "Sztokbant, Bernardo Vainzoff"]
[Black "Verdibello, Mario Arnaldo Batis"]
[Result "1-0"]
[WhiteElo "2239"]
[BlackElo "2094"]
[PlyCount "129"]
[EventDate "2014.03.20"]
[EventType "swiss"]
[EventRounds "7"]
[EventCountry "BRA"]
[SourceTitle "CBM 159 Extra"]
[Source "ChessBase"]
[SourceDate "2014.04.24"]
[SourceVersion "1"]
[SourceVersionDate "2014.04.24"]
[SourceQuality "1"]

1. e4 c6 2. d4 d5 3. Nc3 dxe4 4. Nxe4 Bf5 5. Ng3 Bg6 6. h4 h6 7. Nf3 Nd7 8. h5 Bh7 9. Bd3 Bxd3 10. Qxd3 e6 11. Bd2 Ngf6 12. 0-0-0 Qc7 13. Ne4 Nxe4 14. Qxe4 Nf6 15. Qe2 0-0-0 16. Kb1 c5 17. g3 c4 18. Bf4 Bd6 19. Bxd6 Rxd6 20. c3 Nd5 21. Ne5 b5 22. f4 f6 23. Ng6 Rhd8 24. Qf3 a5 25. f5 exf5 26. Rhe1 b4 27. Qxf5+ Kb8 28. Qf3 Qb7 29. Ka1 Rb6 30. Nf4 bxc3 31. bxc3 Nxf4 32. Qxf4+ Ka7 33. Rb1 Re8 34. Qf5 Rxe1 35. Qxa5+ Qa6 36. Qxa6+ Kxa6 37. Rxe1 Rb5 38. Rh1 Rf5 39. Kb2 Rf2+ 40. Ka3 Ka5 41. Rh4 Rc2 42. Rg4 Rxc3+ 43. Kb2 Rd3 44. Rxg7 Rxd4 45. Kc3 Re4 46. Rg6 Kb5 47. Rxh6 Re3+ 48. Kd4 Rxg3 49. Rxf6 c3 50. Rf2 Kb4 51. Rh2 Rg8 52. Kd3 Rd8+ 53. Kc2 Rh8 54. Rh4+ Ka3 55. Kxc3 Kxa2 56. Kd4 Kb3 57. Ke5 Re8+ 58. Kf6 Rf8+ 59. Kg7 Ra8 60. Rf4 Ra7+ 61. Rf7 Ra5 62. h6 Rg5+ 63. Kf8 Rh5 64. h7 Kc4 65. Kg8 1-0

[Event "BRA-ch Amateur"]
[Site "Sao Paulo"]
[Date "2014.03.03"]
[Round "6"]
[White "Barreto Junior, Williem Silva"]
[Black "Verdibello, Mario Arnaldo Batis"]
[Result "1/2-1/2"]
[WhiteElo "1942"]
[BlackElo "2094"]
[PlyCount "25"]
[EventDate "2014.03.01"]
[EventType "swiss"]
[EventRounds "7"]
[EventCountry "BRA"]
[SourceTitle "EXT 2016"]
[Source "ChessBase"]
[SourceDate "2015.10.08"]
[SourceVersion "1"]
[SourceVersionDate "2015.10.08"]
[SourceQuality "1"]

1. d4 Nf6 2. Nf3 e6 3. Bf4 d5 4. e3 Bd6 5. Bxd6 Qxd6 6. c3 0-0 7. Bd3 c5 8. Ne5 Nc6 9. f4 cxd4 10. exd4 Ne4 11. Nd2 Nxd2 12. Qxd2 f6 13. Nf3 1/2-1/2

[Event "BRA-ch Amateur"]
[Site "Sao Paulo"]
[Date "2014.03.01"]
[Round "2"]
[White "De Oliveira, Francemir Barra"]
[Black "Verdibello, Mario Arnaldo Batis"]
[Result "1-0"]
[WhiteElo "1788"]
[BlackElo "2094"]
[PlyCount "33"]
[EventDate "2014.03.01"]
[EventType "swiss"]
[EventRounds "7"]
[EventCountry "BRA"]
[SourceTitle "EXT 2016"]
[Source "ChessBase"]
[SourceDate "2015.10.08"]
[SourceVersion "1"]
[SourceVersionDate "2015.10.08"]
[SourceQuality "1"]

1. e4 c6 2. d4 d5 3. exd5 cxd5 4. c4 Nf6 5. Nc3 Nc6 6. Nf3 e6 7. Bf4 a6 8. a3 Be7 9. c5 0-0 10. Bd3 Nd7 11. Qe2 Re8 12. h4 Bf6 13. Bxh7+ Kh8 14. Ng5 Bxg5 15. hxg5 Nf6 16. gxf6 Qxf6 17. Bd3+ 1-0

[Event "BRA-ch sf"]
[Site "Vitoria"]
[Date "2009.11.02"]
[Round "7"]
[White "Verdibello, Mario Arnaldo Batis"]
[Black "Branchini, Fernando Luis Sakam"]
[Result "1-0"]
[WhiteElo "2109"]
[BlackElo "1819"]
[PlyCount "61"]
[EventDate "2009.10.30"]
[EventType "swiss"]
[EventRounds "7"]
[EventCountry "BRA"]
[SourceTitle "EXT 2010"]
[Source "ChessBase"]
[SourceDate "2010.11.25"]
[SourceVersion "1"]
[SourceVersionDate "2010.11.25"]
[SourceQuality "1"]

1. e4 e6 2. d3 d5 3. Nd2 Nf6 4. Ngf3 Be7 5. g3 c5 6. Bg2 Nc6 7. 0-0 0-0 8. e5 Nd7 9. Re1 Qc7 10. Qe2 b5 11. h4 a5 12. Nf1 Re8 13. Bf4 c4 14. N1h2 Nf8 15. d4 Qa7 16. c3 b4 17. h5 bxc3 18. bxc3 Rb8 19. Ng4 Ba6 20. Qe3 Kh8 21. Bh6 gxh6 22. Qxh6 Nd7 23. Nf6 Bxf6 24. exf6 Rg8 25. Bh3 Qc7 26. Nh4 Qd8 27. Rxe6 fxe6 28. Ng6+ Rxg6 29. hxg6 Nxf6 30. g7+ Kg8 31. Bxe6# 1-0

[Event "Santa Maria Espiritossantense"]
[Site "Santa Maria de Jetiba"]
[Date "2009.10.10"]
[Round "4.2"]
[White "Brito, Yuri Gabriel Aguiar"]
[Black "Verdibello, Mario Arnaldo Batis"]
[Result "0-1"]
[WhiteElo "1812"]
[BlackElo "2108"]
[PlyCount "122"]
[EventDate "2009.10.09"]
[EventType "swiss"]
[EventRounds "6"]
[EventCountry "BRA"]
[SourceTitle "EXT 2022"]
[Source "ChessBase"]
[SourceDate "2021.10.06"]
[SourceVersion "1"]
[SourceVersionDate "2021.10.06"]
[SourceQuality "1"]

1. e4 c6 2. d4 d5 3. Nc3 dxe4 4. Nxe4 Bf5 5. Ng3 Bg6 6. Nf3 Nf6 7. Be3 e6 8. Bd3 Bd6 9. Qd2 Bxd3 10. Qxd3 Nbd7 11. 0-0 Qc7 12. c4 0-0-0 13. c5 Be7 14. b4 h5 15. Ne2 h4 16. Bf4 e5 17. Nxe5 g5 18. Nxd7 Qxd7 19. Bxg5 Rdg8 20. Bxf6 Bxf6 21. Rad1 Qd5 22. Nf4 Qg5 23. Qf3 Qf5 24. Qh3 Rg4 25. Ne2 Rhg8 26. Kh1 Qe6 27. Rg1 Re4 28. Qxe6+ fxe6 29. Rge1 Rd8 30. h3 Bxd4 31. Nxd4 Rexd4 32. Rxd4 Rxd4 33. a3 a5 34. bxa5 Kd7 35. Rc1 Ra4 36. Rc3 Rxa5 37. g4 e5 38. Kg2 Ke6 39. Kf3 Kd5 40. g5 Ra4 41. Ke3 Ke6 42. Kd3 Kf5 43. Kc2 Kxg5 44. Kd3 Kf4 45. Ke2 Re4+ 46. Kf1 Ra4 47. Ke2 Ke4 48. Rb3 Kd5 49. Rc3 Ra5 50. Ke3 Rxc5 51. Rb3 Ra5 52. Kd3 b5 53. Ke3 Ra4 54. f3 Rc4 55. Rd3+ Rd4 56. Rc3 Rd1 57. Rd3+ Rxd3+ 58. Kxd3 c5 59. Kc3 Ke6 60. Kd3 Kf5 61. Ke3 c4 0-1

[Event "Santa Maria Espiritossantense"]
[Site "Santa Maria de Jetiba"]
[Date "2009.10.09"]
[Round "1.1"]
[White "Verdibello, Mario Arnaldo Batis"]
[Black "Hulig, Clenio da Silva"]
[Result "1-0"]
[WhiteElo "2108"]
[BlackElo "1832"]
[PlyCount "59"]
[EventDate "2009.10.09"]
[EventType "swiss"]
[EventRounds "6"]
[EventCountry "BRA"]
[SourceTitle "EXT 2022"]
[Source "ChessBase"]
[SourceDate "2021.10.06"]
[SourceVersion "1"]
[SourceVersionDate "2021.10.06"]
[SourceQuality "1"]

1. e4 Nf6 2. e5 Nd5 3. d4 d6 4. c4 dxe5 5. cxd5 Qxd5 6. Nc3 Qxd4 7. Qxd4 exd4 8. Nb5 Na6 9. Nxd4 Nb4 10. Bd2 Nd5 11. Bb5+ Bd7 12. Bxd7+ Kxd7 13. Ngf3 f6 14. 0-0 e5 15. Nf5 g6 16. Ne3 Nf4 17. Ng4 Ne2+ 18. Kh1 Be7 19. Ngxe5+ fxe5 20. Nxe5+ Ke6 21. Nf3 Rad8 22. Rfe1 g5 23. Rxe2+ Kf6 24. Bxg5+ Kf5 25. Bxe7 Rd7 26. Nh4+ Kg4 27. Rae1 Re8 28. Re5 Rd4 29. h3+ Kf4 30. g3# 1-0

[Event "Vitoria ECXA 2nd"]
[Site "Vitoria"]
[Date "2009.07.13"]
[Round "4.3"]
[White "Verdibello, Mario Arnaldo Batis"]
[Black "Estolano, Edilson"]
[Result "1-0"]
[WhiteElo "2072"]
[BlackElo "1878"]
[PlyCount "53"]
[EventDate "2009.07.07"]
[EventType "tourn"]
[EventRounds "9"]
[EventCountry "BRA"]
[SourceTitle "EXT 2022"]
[Source "ChessBase"]
[SourceDate "2021.10.06"]
[SourceVersion "1"]
[SourceVersionDate "2021.10.06"]
[SourceQuality "1"]

1. e4 e5 2. Nf3 Nc6 3. Bb5 a6 4. Bxc6 dxc6 5. Nc3 Bc5 6. 0-0 Bg4 7. d3 Qe7 8. Be3 Bxe3 9. fxe3 0-0-0 10. Qe1 f6 11. Nh4 g6 12. Qg3 Be6 13. a3 Nh6 14. Rad1 Rhf8 15. d4 exd4 16. exd4 f5 17. d5 cxd5 18. exd5 Bxd5 19. Rxd5 Rxd5 20. Nxd5 Qc5+ 21. Qe3 Qxd5 22. Qxh6 Qd4+ 23. Kh1 Rf7 24. c3 Qd3 25. Re1 b6 26. Qe3 Qc4 27. Qe6+ 1-0

[Event "BRA ES-ch"]
[Site "Vitoria"]
[Date "2007.10.14"]
[Round "6.3"]
[White "Verdibello, Mario Arnaldo Batis"]
[Black "Souza Filho, Namyr Carlos"]
[Result "0-1"]
[WhiteElo "2079"]
[BlackElo "2109"]
[PlyCount "80"]
[EventDate "2007.10.11"]
[EventType "swiss"]
[EventRounds "7"]
[EventCountry "BRA"]
[SourceTitle "EXT 2022"]
[Source "ChessBase"]
[SourceDate "2021.10.06"]
[SourceVersion "1"]
[SourceVersionDate "2021.10.06"]
[SourceQuality "1"]

1. e4 c5 2. c3 Nf6 3. e5 Nd5 4. d4 cxd4 5. Nf3 Nc6 6. Bc4 Nb6 7. Bb3 e6 8. cxd4 d5 9. exd6 Bxd6 10. 0-0 0-0 11. Nc3 Be7 12. a3 Bf6 13. Be3 Na5 14. Bc2 Nac4 15. Qd3 g6 16. b3 Nd6 17. Bh6 Re8 18. Rad1 Nd5 19. Ne4 Nxe4 20. Qxe4 Nc3 21. Qd3 Nxd1 22. Rxd1 b6 23. Qe4 Rb8 24. Qf4 Bb7 25. Ne5 Rc8 26. Bd3 a6 27. f3 Qe7 28. g4 Red8 29. g5 Bh8 30. Be4 Qc7 31. Bxb7 Qxb7 32. Ng4 Qe7 33. Nf6+ Bxf6 34. gxf6 Qd6 35. Qh4 Qd5 36. Bg5 h5 37. h3 Qxb3 38. Rf1 Qd3 39. Bf4 Qxd4+ 40. Kh1 e5 0-1

[Event "Estadual-ch"]
[Site "Vitoria"]
[Date "2001.11.??"]
[Round "1"]
[White "Verdibello, Mario Arnaldo Batis"]
[Black "Vieira, Paulo Cesar"]
[Result "0-1"]
[WhiteElo "2110"]
[BlackElo "2068"]
[PlyCount "68"]
[EventDate "2001.11.23"]
[EventType "swiss"]
[EventRounds "9"]
[EventCountry "BRA"]
[SourceTitle "EXT 2022"]
[Source "ChessBase"]
[SourceDate "2021.10.06"]
[SourceVersion "1"]
[SourceVersionDate "2021.10.06"]
[SourceQuality "1"]

1. e4 g6 2. d4 Bg7 3. c3 d6 4. f4 Nc6 5. Nf3 Bg4 6. Nbd2 e5 7. fxe5 dxe5 8. d5 Nb8 9. Bd3 Ne7 10. 0-0 0-0 11. Qe1 Nd7 12. Qg3 f5 13. Bc4 b5 14. Bb3 Nc8 15. d6+ Kh8 16. dxc7 Qxc7 17. Ng5 Nf6 18. h3 Be2 19. Rf2 f4 20. Qh4 Bc4 21. Bxc4 bxc4 22. Ne6 Qb6 23. Nxf8 Bxf8 24. Nxc4 Qe6 25. Rd2 Be7 26. Nxe5 Qxe5 27. Re2 Nh5 28. Qg4 Bc5+ 29. Kf1 Ng3+ 30. Ke1 Nxe2 31. Qxe2 Nd6 32. b4 Qxc3+ 33. Qd2 Bxb4 34. Rb1 Qg3+ 0-1